Esbozo de una semiofísica: física aristotélica y la teoría de las catástrofes

সংরক্ষণ করুন:
গ্রন্থ-পঞ্জীর বিবরন
প্রধান লেখক: Thom, René (Author)
বিন্যাস: গ্রন্থ
ভাষা:স্প্যানিশ
প্রকাশিত: Barcelona Gedisa 1990
মালা:Colección limites de la ciencia
বিষয়গুলি:
ট্যাগগুলো: ট্যাগ যুক্ত করুন
কোনো ট্যাগ নেই, প্রথমজন হিসাবে ট্যাগ করুন!

MARC

LEADER 00000nam a2200000 a 4500
001 UCW1055
003 CL-VaPUC
008 901022e19900000SP |||||||||||||||||spa|d
082 0 4 |a 514.7  |b THO  |2 21 
100 0 |a Thom, René  |e author  |9 304979 
245 1 0 |a Esbozo de una semiofísica: física aristotélica y la teoría de las catástrofes 
300 |a 299 p 
942 |c BK 
945 |d 19901022 00:00:00 
260 |a Barcelona  |b Gedisa  |c 1990 
650 7 |a CATASTROFES MATEMATICAS  |2 CL-VaPUC  |9 270433 
650 0 |a Física   |9 227844 
650 0 |a Biología  |9 262022 
583 |a last modification  |c 19901022 00:00:00  |k Rodrigo Vera 
490 0 |a Colección limites de la ciencia 
999 |c 216032  |d 216030 
952 |0 0  |1 0  |4 0  |6 514_700000000000000_THO_1990  |7 0  |8 A  |9 201399  |a BIBMAT  |b BIBMAT  |d 2019-11-14  |i 2685779  |o 514.7 THO 1990  |p 2685779  |r 2025-01-07  |w 2019-11-14  |y BK  |k MAT 
952 |0 0  |1 0  |4 0  |6 514_700000000000000_THO_1990  |7 0  |8 A  |9 201400  |a BIBMAT  |b BIBMAT  |d 2019-11-14  |i 2685787  |o 514.7 THO 1990  |p 2685787  |r 2025-01-07  |w 2019-11-14  |y BK  |k MAT